[Event "Hoogovens"]
[Site "Wijk aan Zee"]
[Date "1994.01.??"]
[Round "9"]
[White "Sokolov, Ivan"]
[Black "Tiviakov, Sergei"]
[Result "0-1"]
[WhiteElo "2650"]
[BlackElo "2630"]
[Annotator "Jacoby,G"]
[PlyCount "144"]
[EventDate "1994.01.21"]
[EventType "tourn"]
[EventRounds "9"]
[EventCountry "NED"]
[EventCategory "14"]
[SourceTitle "CBM 040"]
[Source "ChessBase"]
[SourceDate "1994.06.01"]
[SourceVersion "1"]
[SourceVersionDate "1994.06.01"]
[SourceQuality "1"]

1. d4 Nf6 2. c4 e6 3. Nc3 Bb4 4. Qc2 O-O 5. Nf3 c5 6. dxc5 Na6 7. e3 {Ohne
große Ansprüche gespielt.Gebräuchlicher ist 7.g3.} Nxc5 8. Bd2 b6 9. Be2 Bb7
10. O-O Qe7 $10 11. Rfd1 {Die Stellung ist ausgeglichen,wie die folgende
Variante zeigt:} (11. a3 Bxc3 12. Bxc3 Rac8 13. Nd2 Nfe4 14. Nxe4 Bxe4 15. Qd1
Qg5 16. g3 (16. Bf3 Bd3 17. Be2 Be4 $10) 16... Bb7 17. b4 Ne4 18. Bb2 d5 19.
cxd5 Qxd5 $10) 11... Rac8 12. Nb5 (12. a3 $6 Bxc3 13. Bxc3 Be4 14. Qd2 Nb3 15.
Bb4 Qd8 16. Qc3 Nxa1 17. Bxf8 Qxf8 18. Rxa1 Bxf3 19. Bxf3 d5 $15) 12... Be4 13.
Qc1 Bxd2 14. Nxd2 $6 {Das bringt Weiß in Schwierigkeiten.Vorsichtiger war 14.
Qxd2.} (14. Qxd2 d5 15. cxd5 Nxd5 16. Nc3 Rfd8 17. Nxd5 Bxd5 18. Qb4 $10) 14...
d5 $1 15. Nxe4 Ncxe4 $15 {Das entstandene Gegenüberstehen Rc8-Qc1 ist sehr
unangenehm für Weiß.Es droht eindeutig a6 nebst dxc4.Weiß strebt deswegen
Damenabtausch an.} 16. b3 (16. f3 a6 $1 17. fxe4 (17. Na3 Nd6 $17) 17... axb5
$17) 16... a6 17. Qa3 (17. Nc3 dxc4 18. bxc4 b5 19. Nxe4 Nxe4 20. Qc2 Nd6 21.
c5 Nc4 22. Bxc4 Rxc5 $17) 17... Qxa3 18. Nxa3 Nc3 $1 19. Re1 dxc4 20. Bxc4 $2 {
Weiß greift nochmals falsch.Die beiden anderen Möglichkeiten waren besser.} (
20. Nxc4 b5 21. Na5 Nxe2+ (21... Rfd8 22. Bf1 Rd2 23. a4 $15) 22. Rxe2 Rfd8 $15
) (20. bxc4 Rfd8 21. Bf1 $15 {/\} Rd2 22. Nb1 $1) 20... b5 21. Bf1 Ncd5 $1 $17
{Ausgezeichnet! Schwarz spielt auf den schlechten Na3.Der schwarze Springer
verläßt rechzeitig den guten Posten c3 wegen des noch besseren b4.} (21... Rfd8
22. Rec1 h6 23. Nc4 Nfe4 24. Ne5 $15) 22. Red1 {/\ 22..Nb4 23.Rd4} (22. Nb1 $2
Nb4 $17) (22. Rac1 Nb4 $17) (22. Rad1 Nb4 23. Rd2 (23. Rd6 Rfd8 24. Red1 Rxd6
25. Rxd6 Kf8 26. Nb1 Ke7 27. Rb6 Nd7 28. Rb7 Nxa2 $17) 23... Rfd8 24. Red1 Rxd2
25. Rxd2 Kf8 $17 {/\Rc1}) 22... Rfd8 {Es droht erneut Nb4.} 23. Nb1 {Dies wird
glänzend widerlegt,aber die weiße Stellung war bereits sehr schwer.} (23. Rac1
Rxc1 24. Rxc1 Nb4 $17) (23. Rd4 e5 $17) 23... Nxe3 $3 24. Rxd8+ Rxd8 25. fxe3
Rd1 {Schwarz hat seinen Springer für nur einen Bauern geopfert, aber die
schreckliche Fesslung auf der Grundlinie zwingt seinen Gegner zur Rückgabe des
Materials.} 26. Kf2 (26. h3 Ne4 27. a4 b4 $19 {/\Ng3}) (26. a4 bxa4 27. Rxa4 (
27. bxa4 Ng4 28. e4 Ne3 29. Kf2 Nxf1 30. Ke2 Rc1 $19) 27... Rxb1 28. Rxa6 g6
$17) 26... Ng4+ 27. Ke2 Rc1 28. g3 $8 Nxe3 $1 (28... Nxh2 $6 29. Bg2 $13) 29.
Kxe3 Rxf1 30. Kd4 $1 {Der weiße König muß nach b2 laufen,aber die Marschrouten
sind nicht gleich:} (30. Kd2 $2 e5 31. Kc2 e4 32. Kb2 b4 $1 33. Nd2 Rf2 34. Kc2
e3 $19) 30... Rc1 $1 31. a4 bxa4 $1 (31... b4 $6 32. a5 $1 f5 33. Ra4 Rxb1 34.
Rxb4 Kf7 35. Rb6 $132) 32. bxa4 f5 33. Kd3 e5 34. Kd2 Rh1 35. Kc2 (35. h4 f4
36. gxf4 exf4 37. Kd3 (37. Kc2 $2 f3 $19) 37... Kf7 38. Ke4 Rf1 39. Ra3 Rxb1
40. Kxf4 Rb4+ 41. Kg5 (41. Kg3 a5 $19) 41... h6+ 42. Kh5 Kg8 43. a5 Kh7 $19)
35... e4 36. Ra3 Rxh2+ 37. Nd2 h5 38. Kd1 h4 $5 39. gxh4 (39. g4 $6 fxg4 40.
Nxe4 g3 41. Nxg3 Rh3 $19) 39... Rxh4 {Der Weg ist frei für die schwarzen
Freibauern.Schwarz steht auf Gewinn,aber Vorsicht ist angesagt.} 40. Rc3 Rh1+
$2 {Ein unnötiges Schach.Richtig war sofort 40..Kf7.} (40... Kf7 41. Rc6 (41.
Rc7+ Kf6 42. Rc6+ Ke5 43. Rxa6 Rh1+ 44. Ke2 g5 $19) 41... Rh6 42. Rxh6 gxh6 43.
Ke2 Kf6 44. Ke3 Kg5 $19) 41. Ke2 Kf7 (41... Ra1 42. Rc5 g6 43. Rc6 Kg7 44. Rxa6
Kh6 $17) 42. Rc6 Rh6 $6 {Es sollte zum Remis führen.Nach dem Fehler des
Gegners im 40.Zug hatte Weiß bereits gute Rettungschancen.} (42... a5 43. Nc4
$1 Ra1 44. Ra6 $1 Rxa4 45. Nd6+ Ke6 46. Nxe4+ Ke5 47. Ng5 $15) (42... Ra1 43.
Rxa6 g5 44. Nxe4 fxe4 45. Ke3 Re1+ 46. Kf2 Rb1 47. Ke3 Rb4 48. a5 $10) 43. Rc7+
$2 {Weiß verpaßt seine Chance.Das Endspiel N gegen 3P war jetzt zu halten.} (
43. Rxh6 $1 gxh6 44. Ke3 h5 45. Kf4 Ke6 (45... h4 46. Kxf5 e3 47. Nf3 h3 48.
Kg4 $10) 46. Nf1 h4 (46... Kd5 47. Ne3+ Kc5 48. Nxf5 Kb4 49. Kxe4 Kxa4 50. Nd4
$10) 47. Ne3 h3 48. Nxf5 h2 49. Ng3 Kd5 50. Ke3 Kc4 51. Kxe4 Kb4 52. Kf3 Kxa4
53. Kg2 a5 54. Ne2 Kb4 55. Kxh2 a4 56. Nd4 $10) 43... Kf6 44. Ra7 Rh2+ 45. Ke3
Rh3+ 46. Ke2 g5 47. Rxa6+ Ke5 $19 {Jetzt ist der schwarze König von seinen
Bauern nicht abgeschnitten und dies bedeutet das Ende für Weiß.} 48. Rb6 Rh2+
49. Ke1 Rh1+ 50. Nf1 (50. Ke2 Ra1 51. a5 Kf4 52. a6 g4 $19) 50... Rh3 51. Rg6
Kf4 52. a5 Ra3 53. a6 g4 54. Kf2 e3+ 55. Ke1 Ra1+ 56. Ke2 Ra2+ 57. Ke1 Kf3 58.
Rd6 Ra1+ 59. Rd1 Rxa6 60. Nh2+ Kg2 61. Nxg4 fxg4 62. Ke2 Ra3 63. Rd8 g3 64. Rg8
Kh2 65. Rh8+ Kg1 66. Rg8 g2 67. Rh8 Ra2+ 68. Ke1 e2 69. Rh7 Ra1+ 70. Kxe2 Ra8
71. Ke1 Re8+ 72. Kd2 Re5 0-1

[Event "St Petersburg-ch"]
[Site "St Petersburg"]
[Date "1996.??.??"]
[Round "12"]
[White "Ivanov, Sergey"]
[Black "Taimanov, Mark E"]
[Result "1-0"]
[WhiteElo "2515"]
[BlackElo "2470"]
[Annotator "Kantsler,B"]
[PlyCount "69"]
[EventDate "1996.04.??"]
[EventType "tourn"]
[EventRounds "13"]
[EventCountry "RUS"]
[EventCategory "11"]
[SourceTitle "CBM 056"]
[Source "ChessBase"]
[SourceDate "1997.02.01"]
[SourceVersion "1"]
[SourceVersionDate "1997.02.01"]
[SourceQuality "1"]

1. d4 Nf6 2. c4 e6 3. Nc3 Bb4 4. Qc2 c5 5. dxc5 O-O 6. a3 (6. Bg5 h6 7. Bh4 Na6
8. a3 Bxc3+ 9. Qxc3 Nxc5 10. Bxf6 Qxf6 11. Qxf6 gxf6 12. b4 Na4 $10 {Kozul,
Z-Kasparov,G Beograd 1989}) (6. Nf3 Na6 7. e3 (7. a3 Bxc3+ 8. Qxc3 Nxc5 9. e3
a5 10. b3 d6 11. Nd2 b6 12. Be2 Bb7 {Hertneck,G-Lutz,Ch Munchen 1994 60/(510)})
7... Nxc5 8. Bd2 b6 9. a3 Bxc3 10. Bxc3 Bb7 11. Be2 d6 12. O-O e5 $10 {
Hertneck,G-Karpov,An Deutschland 1994 60/510 0:1 61}) 6... Bxc5 7. Nf3 b6 8.
Bg5 Bb7 (8... Nc6 9. Rd1 Bb7 10. e4 Be7 11. Be2 Rc8 12. O-O Qc7 13. Nb5 Qb8 14.
Bxf6 Bxf6 15. Rxd7 Ne5 16. Rxb7 Qxb7 17. Nd6 Qc7 18. Nxc8 Nxf3+ 19. Bxf3 Rxc8
20. b3 {1/2-1/2 Horvath,J-Rechlis,G/Haifa/1989}) 9. e4 (9. O-O-O Be7 10. e4 Nc6
11. Bd3 h6 12. Bf4 Rc8 13. Kb1 $16 {Azmaiparashvili,Z-Ruban,V Groningen PCA
1993 1:0 52}) 9... Be7 10. Be2 d6 11. O-O Nbd7 12. Rad1 Rc8 13. Nd4 a6 14. f3 (
14. f4 $6 b5 $1 $17) 14... Ne5 (14... Qc7 $5 $13) 15. b3 Qc7 {16...b5; 16...d5}
16. a4 d5 $6 (16... Qb8 $5) (16... Ng6 $13) 17. f4 $1 Nc6 $6 (17... Ned7 $2 18.
e5 $18) (17... Ng6 18. e5 $14) (17... Neg4 $13) 18. Nxc6 Qxc6 (18... Bxc6 19.
e5 (19. exd5 Bxd5 (19... exd5 20. Bxf6 Bxf6 21. Nxd5 $16) 20. cxd5 (20. Bxf6 $2
Bxf6 21. Nxd5 Qc5+ 22. Kh1 exd5 $10) 20... Qxc3 21. Qxc3 Rxc3 22. dxe6 fxe6 23.
Bc4 $16) 19... Ne4 20. Nxe4 dxe4 21. Bxe7 Qxe7 22. Rd6 $16) 19. exd5 exd5 20.
Bf3 $1 {Nd5} Qc5+ 21. Kh1 dxc4 (21... Rfd8 22. Qb1 {23.Bxf6 Bxf6 24.Nxd5+/-})
22. Bxb7 cxb3 23. Qe2 $1 Rc7 24. Bxf6 gxf6 (24... Bxf6 25. Ne4 $16) 25. Ne4 Qc2
26. Bxa6 f5 27. Ng3 Ra8 28. Rd2 Qc3 29. Bb5 Bb4 30. Rd3 Qc2 31. Qf3 b2 32.
Qxa8+ Rc8 33. Rd8+ Rxd8 34. Qxd8+ Bf8 35. Qd3 1-0

[Event "RUS-Cup2"]
[Site "Moscow"]
[Date "1996.??.??"]
[Round "8"]
[White "Rychagov, Andrey"]
[Black "Sokolov, Andrei"]
[Result "1/2-1/2"]
[WhiteElo "2375"]
[BlackElo "2585"]
[Annotator "Kharitonov,A"]
[PlyCount "63"]
[EventDate "1996.11.28"]
[EventType "swiss"]
[EventRounds "9"]
[EventCountry "RUS"]
[SourceTitle "CBM 056 Extra"]
[Source "ChessBase"]
[SourceDate "1997.03.01"]
[SourceVersion "1"]
[SourceVersionDate "1997.03.01"]
[SourceQuality "1"]

1. d4 Nf6 2. c4 e6 3. Nc3 Bb4 4. Qc2 c5 5. dxc5 O-O 6. a3 Bxc5 7. Nf3 Nc6 (7...
b6 8. Bg5 Bb7 9. O-O-O Be7 10. e4 Nc6 11. Bd3 h6 12. Bf4 Rc8 13. Kb1 Na5 14.
Qe2 a6 15. e5 Ne8 $13 {Azmaiparashvili,Z-Ruban,V/Groningen/1993/1|0/52/}) 8.
Bg5 Nd4 (8... b6 9. Rd1 Be7 10. e3 Bb7 11. Be2 d6 12. Rd2 Qb8 13. O-O h6 14.
Bh4 Rd8 15. Rfd1 $14 {Korchnoi,V-Tiviakov,S/Tilburg/1992/1|0/64/}) 9. Nxd4 Bxd4
10. e3 Qa5 11. exd4 Qxg5 12. Qd2 Qg6 $5 {N/} (12... Qxd2+ 13. Kxd2 b6 14. Bd3
Bb7 (14... Ba6 $5 15. Rhc1 Rac8 16. Nd1 Nh5 17. g3 {Salov,V-Ljubojevic,L/
Reykjavik/1991/0,5/45/} (17. Ne3 $5 f5 18. b4 $14)) 15. f3 Rfd8 (15... Rfc8 16.
b4 Ba6 17. c5 Bxd3 18. Kxd3 bxc5 19. dxc5 d6 20. cxd6 Ne8 21. Ne4 Rd8 22. Rhd1
$14 {Bareev,E-Rajkovic,D/GER/1991/1|0/36/}) 16. b4 d6 17. a4 (17. Rhb1 Bc6 18.
Nd1 g6 19. Ne3 $14 {Salov,V-Andersson,U/Reykjavik/1991/1|0/61/}) 17... e5 18.
d5 a5 19. Rhb1 Bc8 20. bxa5 bxa5 21. Rb6 Kf8 22. Nb5 Ra6 23. Rc6 $16 {Sokolov,
I-De Firmian,N/Biel/1989/0,5/48/}) 13. O-O-O d5 14. Bd3 (14. cxd5 exd5 15. Bd3
Bf5 $10) (14. c5 Ne4 (14... b6 $5 $132) 15. Nxe4 dxe4 $132) 14... Ne4 $1 (14...
Qxg2 $6 15. Rhg1 Qf3 $8 (15... Qxh2 $2 16. Rxg7+ Kxg7 17. Qg5+ Kh8 18. Qxf6+
Kg8 19. Qg5+ Kh8 20. Rg1 $18) 16. Qg5 Ne8 (16... g6 $2 17. Rg3 Qxf2 18. Rf1 $18
) 17. cxd5 $36) (14... Qh5 15. c5 $16) 15. Nxe4 (15. Bxe4 dxe4 16. Rde1 f5 17.
f3 exf3 18. gxf3 Bd7 $132) (15. Qe3 f5 16. cxd5 Nxc3 17. bxc3 exd5 $13) 15...
dxe4 16. Bc2 b6 (16... Qxg2 $2 17. Rdg1 Qf3 18. Rxg7+ $18) 17. f3 Bb7 18. fxe4
(18. Rde1 Rac8 19. b3 b5 $1 20. c5 Rfd8 21. fxe4 (21. Bxe4 Bxe4 22. fxe4 (22.
Rxe4 $2 Rxc5+ $1 $17) 22... e5 23. d5 Rxc5+ 24. Kb2 $13) 21... e5 22. d5 Rxc5
$13) 18... Bxe4 19. Rhe1 Bxc2 20. Qxc2 Qh6+ (20... Qxc2+ 21. Kxc2 Rac8 22. Kc3
Rfd8 $10) 21. Kb1 Rac8 (21... Qxh2 $4 22. Rh1 $18) 22. Rd3 g6 23. g3 Rfd8 24.
Red1 Qh5 $10 25. R1d2 Qg4 (25... b5 $5 26. c5 Qd5 $13) 26. Qb3 h5 27. Ka2 Qe4 (
27... h4 28. Rd1 $10) (27... e5 28. dxe5 Rxd3 29. Qxd3 Qxc4+ 30. Qxc4 Rxc4 31.
Rd8+ Kg7 32. Rd7 Re4 $10) 28. Re3 Qc6 29. Rc3 Qe4 (29... Rd6 30. Rd1 Rcd8 31.
Rcd3 $10) 30. Re3 Qc6 31. Rc3 Qe4 32. Re3 1/2-1/2

[Event "Bundesliga 0607"]
[Site "Germany"]
[Date "2006.12.09"]
[Round "5.8"]
[White "Knaak, Rainer"]
[Black "Markos, Jan"]
[Result "0-1"]
[WhiteElo "2486"]
[BlackElo "2538"]
[Annotator "Knaak,R/Meyer,CD"]
[PlyCount "206"]
[EventDate "2006.10.28"]
[EventType "team-tourn"]
[EventRounds "15"]
[EventCountry "GER"]
[SourceTitle "CBM 116"]
[Source "ChessBase"]
[SourceDate "2007.02.01"]
[SourceVersion "1"]
[SourceVersionDate "2007.02.01"]
[SourceQuality "1"]
[WhiteTeam "Werder Bremen"]
[BlackTeam "Bindlach"]
[WhiteTeamCountry "GER"]
[BlackTeamCountry "GER"]

1. d4 Nf6 2. c4 e6 3. Nc3 Bb4 4. Qc2 c5 5. dxc5 O-O 6. a3 Bxc5 7. Nf3 b6 8. Bg5
Bb7 9. e4 h6 10. Bh4 Be7 11. O-O-O ({Solider und vermutlich auch besser ist} 
11. Rd1 {/\Be2, 0-0}) 11... Nc6 12. e5 Ne8 (12... Nh5 13. Bg3 (13. Bxe7 Qxe7
14. Qd2 (14. Qe4 $5 {/\15.Qg4 g6 16.Ne4} f6 15. Bd3 f5 16. Qe3) 14... Rad8 15.
Be2 f5 $6 (15... f6 $5 16. Ne1 Na5 17. Qe3 fxe5 18. Bxh5 Nxc4 19. Qg3 d5) 16.
Kb1 $16 {1-0 Obukhov,A (2425)-Grigoriev,V (2237)/St Petersburg 2000/EXT 2001 
(44)}) 13... Rc8 14. Bd3 Na5 $132 {1/2-1/2 Olafsson,H (2531)-Hellsten,J (2564)/
Mallorca 2004/CBM 104 (39)}) 13. Bg3 (13. Bxe7 Qxe7 14. Qd3 Rd8 15. Ne4 Na5 16.
Kb1 Ba6 (16... Rc8) 17. Qd4 Nc6 (17... d6 $142 $1) 18. Qd2 {0-1 Serper,G (2574)
-Zhang Zhong (2636)/Cap d'Agde 2000/CBM 080 (57)}) 13... Na5 14. Be2 Rc8 15.
Rd4 $14 Bxf3 (15... a6 16. Rhd1 Rc7 $6 (16... Bc6 17. b4 (17. Kb1 b5 $13) 17...
b5 18. c5) 17. Kb1 Bxf3 (17... Nc6) 18. gxf3 $16 {1-0 Esen,B (2287)-Erdogdu,M 
(2414)/Warsaw 2005/CBM 108 (33)}) 16. Bxf3 (16. gxf3 $5 {, obwohl vielleicht
besser, verwarf der Anziehende aus prinzipiellen Erwägungen.}) 16... Nxc4 17.
Rhd1 d5 $5 ({Nach langem Nachdenken ein mutiger Gegenstoß, der aber eher aus
der Verlegenheit geboren ist, während das prosaische} 17... Rc7 {nach} 18. Qd3
Qc8 19. Rxd7 b5 20. Rxc7 Nxc7 21. Qd7 $14 {nur Weiß etwas gäbe.}) 18. exd6 Bxd6
$6 ({Trotz längerem Nachdenken verfängt Schwarz sich in seine hausgemachten
Probleme. Bessere Alternativen:  I} 18... Nexd6 19. Be2 Qe8 20. Rxd6 (20. Bxd6
Nxd6 21. Rxd6 Bxd6 22. Rxd6 Qe7 $14) 20... Nxd6 21. Rxd6 Bxd6 22. Bxd6 Qd8 23.
Bxf8 Qxf8 $14) ({II} 18... Ncxd6 19. Kb1 $14 b5 20. Qd2 a6 21. Bxd6 Nxd6 22.
Rxd6 Bxd6 23. Qxd6 Qa5 $14) 19. Be2 $1 {Eine böse Überraschung! Wegen
Überlastung kann Schwarz sich jetzt nur durch ein Verzweiflungsopfer mehr
schlecht als recht im Spiel halten.} Nxa3 $8 20. bxa3 $5 ({I Aus
schachpraktischen Erwägungen verdiente das unkomplizierte} 20. Qd2 $5 {auch
Beachtung:} b5 (20... Qf6 21. Bxd6 Nxd6 22. Rxd6 Nc4 (22... b5 23. Qd4 $1) 23.
Bxc4 Rxc4 24. Kb1 $16) 21. Rxd6 Nxd6 22. Bxd6 Nc4 23. Bxc4 Rxc4 24. Bxf8 Qxf8
25. Kb1 $16) ({II Ein grober Fehler wäre indes} 20. Qb3 $4 {wegen} Qg5+ 21. f4
(21. R1d2 Bxg3 22. fxg3 Qc5 $17) 21... Qc5 $1 $17) 20... Bxa3+ 21. Kb1 Qe7 {
Drei Bauern für eine Figur und der weiße König steht offen - scheinbar hat
Schwarz gute Kompensation. Aber einige seiner Figuren sind schlecht postiert,
deshalb steht Weiß deutlich besser.} (21... Qg5 $2 22. Ba6 Rc5 (22... Rc6 23.
Ra4 Be7 (23... Qc5 24. Bb7) 24. Ne4) 23. h4 $1 Qh5 24. Be2 Qf5 25. Qxf5 Rxf5
26. Ra4) 22. Qb3 $2 {Sieht zwar natürlich aus, aber versäumt das sofortige und
sehr effiziente Nachsetzen} (22. Ba6 $1 {und nun:} Rc5 (22... Ra8 23. Nb5 Bc5
24. Rd7 Qg5 25. f4 $18) (22... Rc6 23. Nd5 $1) 23. Rd7 Qg5 (23... Qf6 24. Ne4
$1) 24. h4 Qf5 25. Qxf5 Rxf5 26. Rxa7 $16) 22... Nf6 23. Ba6 Ra8 $6 (23... Bc5
$1 24. R4d3 Rcd8 $14) 24. Bh4 $1 Bc5 ({Besser ist wohl} 24... g5 {, aber so
wird man in einer Partie kaum spielen:} 25. Bg3 Bc5 26. R4d3 Rad8 27. h4 Rxd3
28. Rxd3 Rd8 29. hxg5 hxg5 30. Qd1 Rxd3 31. Bxd3 $13) 25. Rd7 $1 Qxd7 26. Rxd7
Nxd7 {Die schwarzen Türme sind schlecht platziert.} 27. f4 ({Um ...Ne5 zu
verhindern, aber eigene Aktivitäten hatten jetzt den Vorrang:} 27. Ne4 $142 $1
Ne5 (27... Bd4 28. Qa4 Bf6 (28... Nc5 $2 29. Qxd4 Nxa6 30. Bf6 $3 $18) 29. Bg3
Nc5 30. Nxc5 bxc5 31. Bd6 Rfe8 32. Bb7 Rad8 33. Bc6 Rxd6 34. Bxe8) 28. Bg3 (28.
Qa4 Ng6 29. Nxc5 bxc5 30. Bg3 $16) 28... Bd4 29. Qb5 Ng6 30. Qh5 {/\Bd6+/-})
27... Bd4 28. Qa4 Bf6 (28... Nc5 29. Qxd4 Nxa6 30. Ne4 Nc5 (30... Rfc8 $6 31.
Nd6 Rc7 32. f5 $40) 31. Be7 (31. Nxc5 bxc5 32. Qe5 Rfc8 33. Be1 Rab8+ 34. Kc2
Rb6 35. g4 f6 36. Qe4 Rcb8 37. Bc3 $16) 31... Rfc8 32. Ng3 g6 33. h4 h5 34. Qf6
$16) 29. Qxd7 Bxh4 30. f5 $6 ({Voreilig; nach} 30. g3 $142 {und z.B.} Rfd8 31.
Qb7 Bf6 32. Ne4 Rd1+ 33. Kc2 Rad8 34. Qxa7 Rh1 35. Nxf6+ gxf6 36. Qe7 Rxh2+ 37.
Kc3 Rdd2 38. f5 $1 $16 {wäre dieser Bauernzug besser getimt.}) 30... exf5 $6 ({
Alternativen: I Mit der Turmverbindung auf der d-Linie nach} 30... Rfd8 31. Qb5
Be1 32. Ne4 exf5 33. Qxf5 Rd4 34. Qe5 Rad8 $14 {hätte Schwarz eine zähe
Verteidigungsstellung.}) ({II Nicht} 30... Be1 $2 31. fxe6 $1 Bxc3 32. exf7+
Kh8 33. Bd3 Rad8 34. Qf5 Rxd3 35. Qxd3 Bf6 36. Qg6 a5 37. g4 b5 38. Qh5 a4 39.
h4 $18) 31. Qxf5 Rad8 32. Bc4 Rd4 (32... Rd2 33. Bd5 Rf2 34. Qg4 Bf6 35. Ne4)
33. Bb3 Rd2 $2 ({Erforderlich war} 33... Bf6 {und z.B.} 34. Ne4 $16 (34. Bc2
Rfd8 35. Ne4 $16)) 34. Ne4 $2 ({Jetzt kraftlos, während} 34. Bc2 $1 g6 (34...
Rfd8 35. Qh7+ Kf8 36. Qh8+ Ke7 37. Qxg7 Bf6 38. Qg3) 35. Qg4 $40 {tödlichen
Druck erzeugt hätte:} Bg5 36. h4 Be3 37. Ne4 $1 Rdd8 (37... Rd4 38. Bb3 Kh7 39.
Qf3 $18) 38. h5 Bd4 39. Ng3 $18 {/+/-}) 34... Rxg2 $11 35. h3 Rg1+ 36. Kc2 Rg2+
37. Kb1 Rg1+ 38. Kc2 g6 39. Qd7 Rg2+ 40. Kb1 Rg1+ 41. Kb2 Rf1 42. Bc4 Bf6+ 43.
Nxf6+ (43. Kc2 Rf4 44. Bd5 $13) 43... Rxf6 44. Qxa7 Rc8 45. Bd5 Rc5 46. Qd7 Rf5
47. Bb3 Rf2+ 48. Ka3 Ra5+ 49. Kb4 Rf4+ 50. Kc3 Rg5 51. Qe8+ Kg7 52. Qe3 Rgf5
53. Bd1 Rc5+ 54. Kb3 Rf6 55. Qd4 Rcf5 56. Be2 Rf2 57. Qe3 h5 58. Bd1 Rg2 59.
Qe5 Rd2 60. Be2 $2 (60. Bxh5 $1 {Der wurde gesehen und hätte auch gespielt
werden müssen. Später kommt dieser Bauer ersatzlos abhanden. Nach dem weiteren}
Rd3+ 61. Kc4 Rxh3 62. Be2 $11 {hätte Schwarz aber aufgrund seiner viel
größereren Bedenkzeitreserve (!) einfach weitergespielt.}) 60... Rdd6 61. Bc4
Rc6 62. Bd5 Rc1 63. Bc4 Rh1 64. Qc3 Rg1 65. Qe3 Rg2 66. Bd5 Rgf2 67. Qd4 Kh7
68. Qe5 R2f5 69. Qe7 Kg7 70. Qd7 Rg5 71. Be4 Rg3+ 72. Kc4 Re3 73. Qd4 $2 {
Hier hatte Weiß sein Tempo schon deutlich erhöhen müssen.} (73. Kd4 Rg3 74. Kc4
Re6 75. Bd5 Rf6 76. Be4 $11) 73... Rxh3 $19 {Schlicht eingestellt.} 74. Kb5
Rb3+ 75. Ka6 Rg3 76. Bd5 Rg4 77. Qc3 Rgf4 78. Kb7 R4f5 79. Qd4 h4 80. Bg2 Rf4
81. Qe5 Rg4 82. Bd5 Rgf4 83. Bg2 R4f5 84. Qd4 g5 85. Bh3 Rf3 86. Qe5 Rxh3 87.
Qxg5+ Rg6 88. Qe5+ Kh7 89. Qf5 Rhg3 90. Qh5+ Rh6 91. Qf5+ Rgg6 92. Ka6 Kg7 93.
Qe5+ Rf6 94. Qg5+ Rhg6 95. Qxh4 Rg2 96. Qd4 Rg5 97. Kb7 Kg6 98. Qe4+ Kg7 99.
Qd4 b5 100. Qc3 Rgg6 101. Qd4 b4 102. Kc7 b3 103. Kd7 Kg8 0-1